000 00611nam a2200193Ia 4500
008 151121s9999||||xx |||||||||||||| ||und||
082 _a814/दांडेक
082 _bHNW-10623
100 _aदांडेकर वि।पां।
245 _aफेर फटका
260 _b"दांडेकर वि।पा। , बडोदा"
260 _c--
300 _a120
600 _aदांडेकर वि।पां।
630 _aफेर फटका
700 _aदांडेकर वि।पां।
730 _aफेर फटका
942 _cBOOK
999 _c1215734
_d1215731